[Event "Liguria Region-ch"]
[Site "Spotorno"]
[Date "2016.05.15"]
[Round "5"]
[White "Benvenuti, Cristian"]
[Black "Storai, Ivo"]
[Result "1/2-1/2"]
[WhiteElo "1696"]
[BlackElo "1685"]
[PlyCount "88"]
[EventDate "2016.05.13"]
[EventType "swiss"]
[EventRounds "5"]
[EventCountry "ITA"]
[SourceTitle "EXT 2018"]
[Source "ChessBase"]
[SourceDate "2017.10.13"]
[SourceVersion "1"]
[SourceVersionDate "2017.10.13"]
[SourceQuality "1"]

1. e4 c5 2. d4 cxd4 3. c3 dxc3 4. Nxc3 Nc6 5. Nf3 e6 6. Bc4 Be7 7. Qe2 d6 8. 0-0 a6 9. Rd1 Qc7 10. Be3 Nf6 11. a3 0-0 12. Rac1 b5 13. Ba2 Bb7 14. Nd5 exd5 15. exd5 Rac8 16. dxc6 Bxc6 17. Nd4 Qb7 18. Nxc6 Rxc6 19. Rxc6 Qxc6 20. Bf4 Re8 21. Qd3 h6 22. h3 Bf8 23. Rc1 Qe4 24. Qd2 Qe2 25. Qc3 Ne4 26. Qc2 Nxf2 27. Qxe2 Rxe2 28. Rf1 Nd3 29. Bxf7+ Kh7 30. b4 Nxf4 31. Rxf4 Re3 32. Rf3 Rxf3 33. gxf3 g5 34. Bd5 Bg7 35. Be4+ Kg8 36. Bb7 Bb2 37. Bxa6 Bxa3 38. Bxb5 Bxb4 39. Bc4+ Kg7 40. Kf2 Kf6 41. Ke3 Ke5 42. Bb5 Bc5+ 43. Kd2 Kf4 44. Bc6 d5 1/2-1/2

[Event "Liguria Region-ch"]
[Site "Spotorno"]
[Date "2016.05.14"]
[Round "3"]
[White "Mandolini, Alessandro"]
[Black "Storai, Ivo"]
[Result "1-0"]
[WhiteElo "1790"]
[BlackElo "1685"]
[PlyCount "53"]
[EventDate "2016.05.13"]
[EventType "swiss"]
[EventRounds "5"]
[EventCountry "ITA"]
[SourceTitle "EXT 2018"]
[Source "ChessBase"]
[SourceDate "2017.10.13"]
[SourceVersion "1"]
[SourceVersionDate "2017.10.13"]
[SourceQuality "1"]

1. c4 e6 2. Nc3 d5 3. d4 Nf6 4. Bg5 Be7 5. cxd5 Nxd5 6. Bxe7 Qxe7 7. e4 Nxc3 8. bxc3 0-0 9. Nf3 c5 10. Bd3 cxd4 11. cxd4 Qb4+ 12. Kf1 Rd8 13. Qc2 Nc6 14. Rb1 Qe7 15. Qc3 Qd6 16. e5 Qf8 17. g4 Ne7 18. Be4 Nd5 19. Qd3 g6 20. h4 f6 21. h5 f5 22. Bxd5 exd5 23. hxg6 hxg6 24. Ng5 fxg4 25. Nh7 Bf5 26. Qb5 Bxb1 27. Nxf8 1-0

[Event "Liguria Region-ch"]
[Site "Spotorno"]
[Date "2016.05.14"]
[Round "2"]
[White "Storai, Ivo"]
[Black "Massimillo, Angelo"]
[Result "1-0"]
[WhiteElo "1685"]
[BlackElo "1362"]
[PlyCount "69"]
[EventDate "2016.05.13"]
[EventType "swiss"]
[EventRounds "5"]
[EventCountry "ITA"]
[SourceTitle "EXT 2018"]
[Source "ChessBase"]
[SourceDate "2017.10.13"]
[SourceVersion "1"]
[SourceVersionDate "2017.10.13"]
[SourceQuality "1"]

1. d4 Nf6 2. Nf3 c5 3. e3 e6 4. Bd3 Be7 5. Nbd2 0-0 6. 0-0 d5 7. c3 Nbd7 8. Qe2 Qc7 9. e4 cxd4 10. e5 Nh5 11. cxd4 Nf4 12. Qe3 Nxd3 13. Qxd3 f6 14. Re1 fxe5 15. Nxe5 Nxe5 16. dxe5 Bc5 17. Nf3 Qb6 18. Re2 Bd7 19. a4 a5 20. Be3 Bxe3 21. Rxe3 Rac8 22. Ng5 Rf5 23. Nf3 Bxa4 24. Nd4 Qxb2 25. Rf1 Rf4 26. Rh3 g6 27. Nxe6 Rc1 28. Nxf4 Rxf1+ 29. Qxf1 Qxe5 30. Nd3 Qe8 31. Re3 Qd8 32. Qe1 d4 33. Re7 Bc6 34. Qe6+ Kh8 35. Qf6+ 1-0